Southville International School and Colleges
Your cart is empty.
  • Cart
  • Lists
    Public lists Eva Luna New books Lux_list list_1
    Your lists Log in to create your own lists
  • Log in to your account
  • Your cookies
  • Search history
Southville International School and Colleges
  • Advanced search
  • Recent comments
  • Most popular
  • Libraries

Log in to your account

Log in with GOOGLE


If you do not have an external account, but do have a local account, you can still log in:

  1. Home
  2. MARC view: Business research with statistical applications
Normal view MARC view ISBD view

Business research with statistical applications (Record no. 366005)

[ view plain ]
MARC details
000 -LEADER
fixed length control field 00706nam a22001937a 4500
003 - CONTROL NUMBER IDENTIFIER
control field 0
005 - DATE AND TIME OF LATEST TRANSACTION
control field 20240604093144.0
008 - FIXED-LENGTH DATA ELEMENTS--GENERAL INFORMATION
fixed length control field 240604b xxu||||| |||| 00| 0 eng d
020 ## - INTERNATIONAL STANDARD BOOK NUMBER
International Standard Book Number 978-621-04-0092-2
050 ## - LIBRARY OF CONGRESS CALL NUMBER
Classification number HD 30.4
Item number .B872019
245 ## - TITLE STATEMENT
Title Business research with statistical applications
Remainder of title textbook and guidebook for doing and writing research/
Statement of responsibility, etc Danilo M. Te [and three others]
250 ## - EDITION STATEMENT
Edition statement First edition
260 ## - PUBLICATION, DISTRIBUTION, ETC. (IMPRINT)
Place of publication, distribution, etc Quezon City
Name of publisher, distributor, etc Rex Bookstore
Date of publication, distribution, etc 2019
300 ## - PHYSICAL DESCRIPTION
Extent xiii, 196 pages
Other physical details black and white illustrations and pictures
Dimensions 25cm.
504 ## - BIBLIOGRAPHY, ETC. NOTE
Bibliography, etc Includes index and glossary.
650 ## - SUBJECT ADDED ENTRY--TOPICAL TERM
Topical term or geographic name as entry element Business -- research -- methodology.
650 ## - SUBJECT ADDED ENTRY--TOPICAL TERM
Topical term or geographic name as entry element Mathematics -- Statistics.
942 ## - ADDED ENTRY ELEMENTS (KOHA)
Source of classification or shelving scheme Library of Congress Classification
Koha item type Books
Holdings
Withdrawn status Lost status Source of classification or shelving scheme Damaged status Home library Current library Shelving location Date acquired Source of acquisition Total Checkouts Full call number Barcode Date last seen Price effective from Koha item type
    Library of Congress Classification   College Library College Library Filipiniana Section 06/04/2024 Library Fund   HD 30.4 .B87 2019 C23342 06/04/2024 06/04/2024 Books
    Library of Congress Classification   College Library College Library Filipiniana Section 06/04/2024 Library Fund   HD 30.4 .B87 2019 C23343 06/04/2024 06/04/2024 Books

Business research with statistical applications

APA

(2019). Business research with statistical applications. Quezon City: Rex Bookstore.

Chicago

2019. Business research with statistical applications. Quezon City: Rex Bookstore.

Harvard

(2019). Business research with statistical applications. Quezon City: Rex Bookstore.

MLA

Business research with statistical applications. Quezon City: Rex Bookstore. 2019.

  • Place hold
  • Print
  • Cite
  • Add to your cart (remove)
  • Save record
    BIBTEX Dublin Core MARCXML MARC (non-Unicode/MARC-8) MARC (Unicode/UTF-8) MARC (Unicode/UTF-8, Standard) MODS (XML) RIS
  • More searches
    Search for this title in:
    Other Libraries (WorldCat) Other Databases (Google Scholar) Online Stores (Bookfinder.com) Open Library (openlibrary.org)

Exporting to Dublin Core...

SOUTHVILLE LIBRARY

Southville International School and Colleges Library

1281 Tropical Ave. Cor. Luxembourg St., BF Homes International, Las Pinas City

Tel. No. 8256374 / 252358 Loc. 117/146

Powered by Koha